000 00637nam a2200241Ia 4500
003 OSt
005 20221007064848.0
006 a|||||r|||| 00| 0
007 ta
008 221006b |||||||| |||| 00| 0 eng d
020 _a0195641523
_cRs. 695/-
024 _a16,030
037 _cTextual
040 _aFLL
_cFLL
_beng
041 _2eng
_aeng
082 _aW6, N8
100 _aMahajan Gurpreet
245 0 _aDemocracy, difference & social justice
260 _aDelhi
_bOxford University Press India
_c1998
300 _a584p
_ccm.
942 _hW6, N8
_cTEXL
_2CC
999 _c1135586
_d1135586